| 000 | 00596nam a2200205 a 4500 | ||
|---|---|---|---|
| 005 | 20140310183534.0 | ||
| 008 | 111110s19uu xx 00 eng d | ||
| 020 | _a978-0-240-81208-3 | ||
| 050 |
_aTR 465 _b.C79 2010 |
||
| 100 | _aCtein | ||
| 245 | _aDigital restoration from start to finish / | ||
| 250 | _a2nd ed. | ||
| 260 |
_aUnited Kingdom : _bElsevier, _c2010. |
||
| 300 |
_a417 p. : _bill. ; _c29 cm. |
||
| 521 | _aMA | ||
| 650 |
_aPhotographs _xConservation and restoration _xData Processing |
||
| 650 |
_aPhotography _xDigital techniques |
||
| 942 |
_cBK _2lcc _kFOR |
||
| 999 |
_c24694 _d24694 |
||